Health and Strength (Record no. 7141)
[ view plain ]
| 000 -LEADER | |
|---|---|
| fixed length control field | 00205nam a22000857a 4500 |
| 008 - FIXED-LENGTH DATA ELEMENTS--GENERAL INFORMATION | |
| fixed length control field | 170626b xxu||||| |||| 00| 0 eng d |
| 100 ## - MAIN ENTRY--PERSONAL NAME | |
| 9 (RLIN) | 3719 |
| Personal name | Selmon. A. C |
| 245 ## - TITLE STATEMENT | |
| Title | Health and Strength |
| 260 ## - PUBLICATION, DISTRIBUTION, ETC. (IMPRINT) | |
| Place of publication, distribution, etc. | Delhi |
| Date of publication, distribution, etc. | 2003 |
| Withdrawn status | Lost status | Source of classification or shelving scheme | Damaged status | Koha normalized classification for sorting | Not for loan | Home library | Current library | Shelving location | Date acquired | Total Checkouts | Full call number | Barcode | Date last seen | Price effective from | Koha item type |
|---|---|---|---|---|---|---|---|---|---|---|---|---|---|---|---|
| Dewey Decimal Classification | SEL_796_000000000000000_C10 | Good Samaritan School Library | Good Samaritan School Library | Sports & Games | 06/26/2017 | SEL796 C-10 | SEL7525 | 06/26/2017 | 06/26/2017 | Reference |